7天吃出光澤肌膚&健康體態,打造逆齡身體! / (Record no. 7683)

MARC details
000 -LEADER
fixed length control field 00674cam a22002412i 4500
001 - CONTROL NUMBER
control field CIP114012464
003 - CONTROL NUMBER IDENTIFIER
control field YEEZEN
005 - DATE AND TIME OF LATEST TRANSACTION
control field 20260112133552.0
008 - FIXED-LENGTH DATA ELEMENTS--GENERAL INFORMATION
fixed length control field 250827s2025 ch e 000 0 chi d
020 ## - INTERNATIONAL STANDARD BOOK NUMBER
International Standard Book Number 9789863708612
Qualifying information (平裝) :
Terms of availability NT$380
040 ## - CATALOGING SOURCE
Original cataloging agency CIP
Language of cataloging chi
Transcribing agency CIP
042 ## - AUTHENTICATION CODE
Authentication code nbic
084 ## - OTHER CLASSIFICATION NUMBER
Classification number 411.3
Number source ncsclt
090 ## - LOCALLY ASSIGNED LC-TYPE CALL NUMBER (OCLC); LOCAL CALL NUMBER (RLIN)
Classification number (OCLC) (R) ; Classification number, CALL (RLIN) (NR) 411.3
245 10 - TITLE STATEMENT
Title 7天吃出光澤肌膚&健康體態,打造逆齡身體! /
Statement of responsibility, etc. 菊池真由子作; 邱佳葳譯
250 ## - EDITION STATEMENT
Edition statement 初版
260 ## - PUBLICATION, DISTRIBUTION, ETC.
Place of publication, distribution, etc. 新北市 :
Name of publisher, distributor, etc. 楓葉社文化,
Date of publication, distribution, etc. 2025.10
300 ## - PHYSICAL DESCRIPTION
Extent 面 ;
Dimensions 公分
650 #7 - SUBJECT ADDED ENTRY--TOPICAL TERM
Source of heading or term lcstt
Topical term or geographic name entry element 健康飲食
650 #7 - SUBJECT ADDED ENTRY--TOPICAL TERM
Source of heading or term lcstt
Topical term or geographic name entry element 營養
650 #7 - SUBJECT ADDED ENTRY--TOPICAL TERM
Source of heading or term lcstt
Topical term or geographic name entry element 健康法
942 ## - ADDED ENTRY ELEMENTS (KOHA)
Source of classification or shelving scheme 中文圖書分類法
Koha item type 一般圖書
Holdings
撤銷狀態 遺失狀態 分類號來源 損壞狀態 不外借 永久館藏地 現在館藏地 書架位置 採購日期 全部借出 完整索書號 條碼號 最後一次日期記錄 Date last checked out 一般價格有效日期 Koha館藏類型 公開資訊
未註銷館藏 未遺失 中文圖書分類法 未損毀 可外借 怡仁綜合醫院圖書館 怡仁綜合醫院圖書館   2026-01-12 4 411.3 C03269 2026-04-08 2026-03-23 2026-01-12 一般圖書 食物是人們攝取營養的主要來源, 不同的食物組合, 也會對身體帶來不一樣的影響。 這些搭配就像魔法咒語的組合, 針對不同情況,對應不同組合, 用天然的方式對症下藥, 即能補充最精華、純粹的營養。
怡仁醫院| 地址:32643桃園市楊梅區楊新北路321巷30號 | 服務專線:03-4855566 | 電子郵件信箱:
Copyright © 1996 CHC Hospital